<The> first three years in the EU - a clear economic success
V máji 2007 uplynuli tri roky od rozšírenia Európskej únie o desať nových členských krajín. Porovnanie rôznych makroekonomických ukazovateľov za roky 2004 - 2006 s rokmi 2001 - 2003. Rast hrubého domáceho produktu, rast investícií, prílev priamych zahraničných investícií, vývoz tovaru, spotreba domá...
Na minha lista:
| Autor principal: | |
|---|---|
| Formato: | Capítulo de Livro |
| Idioma: | inglês |
| Assuntos: | |
| Tags: |
Sem tags, seja o primeiro a adicionar uma tag!
|
MARC
| LEADER | 00000naa$a2200000$$$4500 | ||
|---|---|---|---|
| 001 | 0070749 | ||
| 005 | 20231013081556.2 | ||
| 041 | 0 | |a eng | |
| 044 | |a CZ | ||
| 245 | 1 | 0 | |a <The> first three years in the EU - a clear economic success |c Sándor Richter |
| 520 | |a V máji 2007 uplynuli tri roky od rozšírenia Európskej únie o desať nových členských krajín. Porovnanie rôznych makroekonomických ukazovateľov za roky 2004 - 2006 s rokmi 2001 - 2003. Rast hrubého domáceho produktu, rast investícií, prílev priamych zahraničných investícií, vývoz tovaru, spotreba domácností, nezamestnanosť, inflácia, menový kurz, bilancia vlády. Zmeny v stabilite vybraných ukazovateľov. Zhodnotenie situácie. | ||
| 610 | 2 | 0 | |a integrácia ekonomická medzinárodná |
| 610 | 2 | 0 | |a ukazovatele ekonomické |
| 610 | 2 | 0 | |a produkt domáci hrubý |
| 610 | 2 | 0 | |a investície |
| 610 | 2 | 0 | |a investície priame zahraničné |
| 610 | 2 | 0 | |a vývoz |
| 610 | 2 | 0 | |a spotreba domácností |
| 610 | 2 | 0 | |a miera nezamestnanosti |
| 610 | 2 | 0 | |a inflácia |
| 100 | 1 | |a Richter, Sándor | |